000 01363nac a22003611i 4500
003 EG-ScBUE
005 20240310115424.0
008 240310r19961994enkab f b 001 0 eng d
020 _a9780863722134
020 _a086372213X
035 _a(OCoLC)30569341
040 _aEG-ScBUE
_beng
_erda
_cEG-ScBUE
_dEG-ScBUE
043 _ae------
082 0 4 _a940.1
_bARA
_222
245 0 4 _aThe Arab influence in medieval Europe :
_bfolia scholastica mediterranea /
_cedited by Dionisius A. Agius and Richard Hitchcock.
250 _aFirst edition.
250 _aReprint edition.
264 1 _aReading, UK :
_bIthaca Press,
_c1996.
300 _axi, 181 pages :
_billustrations, maps ;
_c25 cm.
336 _2rdacontent
_atext
_btxt
337 _aunmediated
_2rdamedia
_bn
338 _avolume
_bnc
_2rdacarrier
490 0 _aMiddle East cultures series ;
_vv. 18
500 _aBased on papers presented at an Al-Masaq conference held at the University of Oxford, Apr. 6-8, 1990.
504 _aIncludes bibliographical references and index.
650 7 _aCivilization, Medieval
_xCongresses.
_2BUEsh
650 7 _aCivilization, Islamic
_xCongresses.
_2BUEsh
651 7 _aEurope
_xCivilization
_xArab influences
_xCongresses.
_2BUEsh
655 _vReading book
700 1 _aAgius, Dionisius A.,
_eeditor.
700 1 _aHitchcock, Richard,
_eeditor.
942 _cBB
_2ddc
999 _c9350
_d9350